Podnikanie v družstve z pohľadu aktuálnej legislatívy

Článok opisuje premeny obchodných spoločností a družstva, a taktiež účtovanie v družstve aj s príkladmi. Družstvo z pohľadu Obchodného zákonníka. Účtovanie vzniku družstva.

Uložené v:
Podrobná bibliografia
Hlavný autor: Böszörményi, Jana
Médium: Kapitola
Jazyk:Slovak
Predmet:
Tagy: Pridať tag
Žiadne tagy, Buďte prvý, kto otaguje tento záznam!

MARC

LEADER 00000naa a2200000 4500
001 0306326
005 20250709102602.2
041 0 |a slo 
044 |a SK 
245 1 0 |a Podnikanie v družstve z pohľadu aktuálnej legislatívy  |c Jana Böszörmenyi 
520 |a Článok opisuje premeny obchodných spoločností a družstva, a taktiež účtovanie v družstve aj s príkladmi. Družstvo z pohľadu Obchodného zákonníka. Účtovanie vzniku družstva. 
610 2 0 |a účtovníctvo daňové 
610 2 0 |a účtovníctvo podvojné 
610 2 0 |a družstvá 
610 2 0 |a spoločnosti obchodné 
610 2 0 |a formy organizačno-právne 
610 2 0 |a postupy účtovné 
610 2 0 |a knihy účtovné 
610 2 0 |a zákony 
610 2 0 |a zákonník obchodný 
100 1 |a Böszörményi, Jana